000 00933cab a2200289 4500
001 ABS52397
008 090401t1995 xxu||||| |||| 00| 0 eng d
035 _a(Sirsi) u75923
041 _aeng
100 _aHoare, S.
245 _aCome rain, fire, snow or bombing
260 _c1995
350 _a0
490 _aConstruction News
_v(6404) 2 March 1995, 20(1)
520 _aManaging Director of disaster recovery firm, Ark & General, reckons the disaster recovery market is now worth £30m but could be worth much more. Describes the services this firm offers to occupiers hit by fire, flood or bomb damage.
650 _aARK AND GENERAL
650 _aBOMB DAMAGE
650 _aBOMBING
650 _aCOMPUTERS
650 _aDISASTER RECOVERY
650 _aFIRE DAMAGE
650 _aFLOODING
690 _aBUILT ENVIRONMENT
690 _aOFFICE SERVICES AND ADMINISTRATION
942 _n0
948 _c04/03/1997
999 _c47763
_d47763